000 00778nam a2200205Ii 4500
003 JO-AjNU
008 230605s9999||||xx |||||||||||||| ||und||
017 _a2002/10/2595
040 _aJO-AjNU
_bara
_erda
_cJO-AjNU
041 _aara
050 1 4 _aPJ6696.K3742 2003
100 3 _aتأليف خريم، إبراهيم خليل,
_eauthor
_921044
245 0 0 _aالعدد في اللغة العربية وإعرابه في القرآن الكريم
264 3 1 _aإربد: دار الكتاب الثقافي للطباعة والنشر، 2003
300 _a93ص
336 _atext
_btxt
_2rdacontent
337 _aunmediated
_bn
_2rdamedia
338 _avolume
_bnc
_2rdacarrier
650 4 _aاللغة العربية - القرآن الكريم - قواعد العدد
_921045
999 _aA7245
_c10813
_d10813